Obras de la gloriosa madre Santa Teresa de Jesús... (Record no. 166165)

MARC details
000 -LEADER
campo de control de longitud fija 01429nam a2200325 i 4500
001 - NÚMERO DE CONTROL
campo de control 166165
003 - IDENTIFICADOR DE NÚMERO DE CONTROL
campo de control ES-MaACL
005 - FECHA Y HORA DE LA ÚLTIMA TRANSACCIÓN
campo de control 20250804054035.0
008 - DATOS DE LONGITUD FIJA--INFORMACIÓN GENERAL
campo de control de longitud fija 931025s1778 sp a |||| | spa d
100 0# - ENTRADA PRINCIPAL--NOMBRE DE PERSONA
Nombre de persona Teresa de Jesús,
Títulos y otros términos asociados al nombre Santa,
Fechas asociadas al nombre 1515-1582
9 (RLIN) 226510
245 10 - MENCIÓN DEL TÍTULO
Título Obras de la gloriosa madre Santa Teresa de Jesús...
260 ## - PUBLICACIÓN, DISTRIBUCIÓN, ETC.
Lugar de publicación, distribución, etc. En Madrid :
Nombre del editor, distribuidor, etc. en la Imprenta de Josef Doblado ...,
Fecha de publicación, distribución, etc. 1778.
300 ## - DESCRIPCIÓN FÍSICA
Extensión [44], 686 p. [2] h. de grab. ;
Dimensiones 4º mayor (26 cm)
505 8# - NOTA DE CONTENIDO CON FORMATO
Nota de contenido con formato Contiene: Vida ; Camino de perfección ; Avisos de la Santa... para sus monjas
530 ## - NOTA DISPONIBLE DE FORMULARIO FÍSICO ADICIONAL
Nota de formato físico adicional disponible Disponible en formato digital.
594 ## - Nota al título y mención de responsabilidad
Nota al título y mención de responsabilidad En anteport.: "Obras de ... Santa Teresa de Jesús. Tomo I"
597 ## - NOTA DE DESCRIPCIÓN FÍSICA
NOTA DE DESCRIPCIÓN FÍSICA Sign.: [ ]2, a3, b-e4, [ ]1, A-Z4, 2A-2Z4, 3A-3Z4, 4A-4Q4, 4R3.
597 ## - NOTA DE DESCRIPCIÓN FÍSICA
NOTA DE DESCRIPCIÓN FÍSICA Port. a dos tintas con viñeta xil.
599 ## - NOTA A LAS ILUSTRACIONES
NOTA A LAS ILUSTRACIONES Las 2 h. de grab. son calc.: "Iº ¯a Palam.º sculp., entre p. [44] y 1, 396 y 397.
650 #7 - PUNTO DE ACCESO ADICIONAL DE MATERIA--TÉRMINO DE MATERIA
Término de materia o nombre geográfico como elemento de entrada Vida cristiana
Fuente del encabezamiento o término embne
9 (RLIN) 17790
650 #4 - PUNTO DE ACCESO ADICIONAL DE MATERIA--TÉRMINO DE MATERIA
Término de materia o nombre geográfico como elemento de entrada Dios-
Subdivisión general Adoración y amor.
9 (RLIN) 170988
650 ## - PUNTO DE ACCESO ADICIONAL DE MATERIA--TÉRMINO DE MATERIA
Término de materia o nombre geográfico como elemento de entrada Perfección cristiana.
9 (RLIN) 136680
650 ## - PUNTO DE ACCESO ADICIONAL DE MATERIA--TÉRMINO DE MATERIA
Término de materia o nombre geográfico como elemento de entrada Misticismo.
9 (RLIN) 15086
740 02 - ENTRADA AGREGADA--TÍTULO RELACIONADO/ANALÍTICO NO CONTROLADO
Título relacionado o analítico no controlado Vida.
740 02 - ENTRADA AGREGADA--TÍTULO RELACIONADO/ANALÍTICO NO CONTROLADO
Título relacionado o analítico no controlado Camino de perfección.
740 02 - ENTRADA AGREGADA--TÍTULO RELACIONADO/ANALÍTICO NO CONTROLADO
Título relacionado o analítico no controlado Avisos de la Santa... para sus monjas.
852 ## - LOCALIZACIÓN
Ubicación ES-MaACL
Número de control de estantería R-197-198
Nota libre - Enc. pasta española
Encuadernación Olim: B-81-82
856 ## - LOCALIZACIÓN Y ACCESO ELECTRÓNICOS
Identificador Uniforme de Recursos <a href="http://hdl.handle.net/10347/1517 ">http://hdl.handle.net/10347/1517 </a>
Nota pública Repositorio Institucional da Universidade de Santiago de Compostela
Holdings
Estatus retirado Estado de pérdida Estado de daño No para préstamo Colección Biblioteca de origen Biblioteca actual Ubicación en estantería Fecha de adquisición Total de préstamos Signatura topográfica completa Código de barras Visto por última vez Precio de reemplazo Tipo de ítem Koha
        Colección digital Biblioteca del Ateneo de Madrid Biblioteca del Ateneo de Madrid Depósito 17/01/2008   R-197-198 1174264 23/02/2023 23/02/2023 Libro impreso antiguo